| 000 | 00458nam a2200169Ia 4500 | ||
|---|---|---|---|
| 003 | GCL | ||
| 008 | 140319s9999 xx 000 0 eng d | ||
| 040 |
_aGCL / _cGCL |
||
| 082 | 0 | 4 |
_a940.1 _bH O |
| 100 | 1 | _aHOLMES, GEORGE | |
| 245 | 1 | 0 |
_aTHE OXFORD ILLUSTRATED HISTORY OF MEDIEVAL EUROPE / _cHOLMES, GEORGE |
| 260 |
_a[S.N] : _bOXFORD UNIVERSITY PRESS ، _c1988 |
||
| 300 | _a398 P | ||
| 650 | 0 | 4 | _aEUROPE - HISTORY |
| 650 | 0 | 4 | _aHISTORY |
| 942 |
_2ddc _cBK |
||
| 999 |
_c13633 _d13633 |
||